000 01085nam a2200313 c 4500
003 BLK
005 20180420221933.0
008 180408b bul|||||r ||||||| ||bul||
010 _aKNG00052627000
020 _a3-462-02294-6
_bиздат.: Kiepenheuer Witsch
040 _aBLK
041 _aDEU
_cDEU
080 _aНародни песни - исторически, хороводни, обичайни
_b784.4
_x(430)
_z784.4(430)
700 1 _aRolleke, Heinz
_ehrsg. von
_922663
139 _aDas Volksliederbuch
_bV 86
245 1 0 _aDas Volksliederbuch
_bUber 300 Lieder, ihre Melodien und Geschichten
_chrsg. von Heinz Rolleke.
257 _aDEU
260 Koln
_bKiepenheuer Witsch
_c1993
300 _a399 c
_bс ил., ноти
_c28 cm
380 _a7
650 4 _aПесни, народни, немски
_9282281
653 _aнародни песни
653 _aГермания
852 _aЦб ІІ 9034
856 4 _qpdf
_u
856 4 _qpdf
_u
942 _cKNG
_n0
944 _aCR
_c01.01.1999
_kТеодора_Стоянова
944 _aED
_c01.02.2017
_kЛили_Борисова
999 _c48809
_d48809